| 000 | 00472nam a2200169Ia 4500 | ||
|---|---|---|---|
| 005 | 20250317123824.0 | ||
| 008 | 008 250317s9999 xx 000 0 eng d | ||
| 037 | _aTextbook | ||
| 040 |
_aFMSL _beng _cFMSL |
||
| 041 |
_aeng _2eng |
||
| 084 |
_aX:44 Q0 _qFMSL |
||
| 100 |
_aMega V P _9740868 |
||
| 245 | 0 | _aSustainable cities for the third millennium | |
| 260 |
_aN _bN, Y Springer _c2010 |
||
| 942 |
_cTB _hX:44 Q0 |
||
| 999 |
_c1252883 _d1252883 |
||